| 000 | 00535nam a2200169 a 4500 | ||
|---|---|---|---|
| 001 | 000043026 | ||
| 005 | 20201002040601.0 | ||
| 008 | 140217s1986 xxu 001 0 spa d | ||
| 020 | _a0871968460 | ||
| 040 |
_aDO-SdBNP _bspa _cBNPHU |
||
| 100 | 1 |
_aKogelman, Stanley _970551 |
|
| 245 | 1 | 0 |
_aThe only math book you´ll ever need. / _cStanley Kogelman, Barbara R. Heller. |
| 260 |
_aNew York, : _bFacts on file publications, _c1986. |
||
| 300 |
_axvii, 268 p. ; _c23 cm. |
||
| 500 | _aIncluye índice | ||
| 700 | 1 |
_aHeller, Barbara R. _970552 |
|
| 999 |
_c42515 _d42515 |
||